000 00570nam a22001937a 4500
005 20260409105446.0
008 260409b |||||||| |||| 00| 0 eng d
020 _a9781855382466 (pbk)
040 _cUE-CL
082 _a181.45
_bSv17
100 _aSvatmarama Yoga Swami
245 _aHatha Yoga Pradipika
_b/ Yoga Swami Svatmarama
260 _aLondon:
_bAquarian Thorsons,
_c1992.
300 _a203 p.
505 _a1. The fundamental Principles 2. The River of life 3. Activw Yoga 4. Passive Yoga
546 _aEnglish
650 _aHatha--Yoga
942 _cBK
999 _c25976
_d25975